Guión General : Para la formación de formadores que desarrollaran la capacitación en las Regionales, Distritos y Centros Educativos para la Implementación del Proyecto Educando en la Prevención del ITS, VHI y SIDA (Record no. 8057)

MARC details
000 -LEADER
campo de control de longitud fija 00580nam a2200133Ia 4500
001 - NÚMERO DE CONTROL
campo de control 3049
008 - DATOS DE LONGITUD FIJA--INFORMACIÓN GENERAL
campo de control de longitud fija 241024s9999 xx 000 0 und d
082 ## - NÚMERO DE LA CLASIFICACIÓN DECIMAL DEWEY
Número de clasificación RD/618.07/R426g
100 ## - ENTRADA PRINCIPAL--NOMBRE DE PERSONA
Nombre de persona República Dominicana.Ministerio de Educación. MINERD
245 #0 - MENCIÓN DEL TÍTULO
Título Guión General : Para la formación de formadores que desarrollaran la capacitación en las Regionales, Distritos y Centros Educativos para la Implementación del Proyecto Educando en la Prevención del ITS, VHI y SIDA
260 ## - PUBLICACIÓN, DISTRIBUCIÓN, ETC.
Nombre del editor, distribuidor, etc. Santo Domingo, República Dominicana
Fecha de publicación, distribución, etc. 2013
901 ## - ELEMENTOS DE DATOS A LOCAL LDA (RLIN)
a 23/7/2013 9:22:07 a.m.

No items available.

© 2024. Todos los Derechos Reservados. Desarrollado por IDEICE